000 00638nam a2200205Ia 4500
003 GCL
008 140319s9999 xx 000 0 ara d
040 _aGCL /
_cGCL
082 0 4 _a301.21
_bد ا
100 1 _aدوران، جيلبير
245 1 0 _aالانثروبولوجيا: رموزها - ابعادها - انساقها /
_cدوران، جيلبير
700 1 _aمصباح الصمد
300 _a366 ص
490 _aكتاب
_v0
650 0 4 _aالحضارة
650 0 4 _aالاجتماع، علم
650 0 4 _aالانثربولوجيا الثقافية
650 0 4 _aالانثرويولوجيا
942 _2ddc
_cBK
999 _c41581
_d41581